000 02088nam2a2200289 4500
001 RU\NLR\BIBL_A\022125038
005 20240226153558.0
010 _a978-5-6050371-5-6
_bч.2
_9500
021 _aRU
_bКН-П-23-079165
_9КН-П-23-8003
035 _a(NLR Aleph) 022125038
090 _a12818745
_c12818745
100 _a20240205d2023 u y0rusy50 ca
101 0 _arus
_aeng
102 _aRU
105 _aa|||j|||000yy
200 0 _aЧ. 2
_fТ. П. Гордиенко, А. И. Мезенцева
210 _d2023
215 _a151 с.
_cил., табл.
300 _aНа обороте тит. с. авт.: Гордиенко Т. П., д-р пед. наук, проф., Мезенцева А. И., канд. пед. наук, доц.
320 _aБиблиогр.: с. 145-147 (37 назв.)
461 0 _1001RU\NLR\BIBL_A\012705429
_12001#$aПрактический курс английского языка для инженерных специальностей$eучебное пособие$fЭ.К. Джапарова, А.И. Мезенцева$gМинистерство образования, науки и молодежи Республики Крым, Государственное бюджетное образовательное учреждение высшего образования Республики Крым "Крымский инженерно-педагогический университет имени Февзи Якубова"$vЧ. 2
_1700#1$aДжапарова$bЭ.К.$gЭдие Керимовна
_912892567
_aДжапарова, Э.К.
_cСимферополь
_d2020-
_fЭ.К. Джапарова, А.И. Мезенцева
_nИП Хотеева Л.В.
_oучебное пособие
_tПрактический курс английского языка для инженерных специальностей
_y9785604487600
_vЧ. 2
701 1 _aГордиенко
_bТ. П.
_gТатьяна Петровна
942 _cBOOK
980 _aNBR
980 _aNB